000
00202 a2200097 4500
001
27738
100
_a
Reynolds, J
245
_a
Al-Utbi kitab-e-yamini
260
_a
_b
Qausain
_c
090
_c
18521
_d
18521
942
_a
NUST-CAE
_c
M
_c
9471
999
_c
262811
_d
262811